[Event "45th FIDE Chess Olympiad Open"]
[Site "Budapest, Hungary"]
[Date "2024.09.20"]
[Round "9"]
[White "Bai, Adelard"]
[Black "Ashiku, Franc"]
[Result "1-0"]
[Board "169"]
[WhiteFideId "16301188"]
[BlackFideId "4700066"]
[WhiteTitle "IM"]
[BlackTitle "IM"]
[WhiteElo "2378"]
[BlackElo "2400"]
[WhiteTeam "Chinese Taipei"]
[BlackTeam "Albania"]
[WhiteClock "0:21:50"]
[BlackClock "0:04:04"]
[Variant "Standard"]

1. d4 {[%clk 1:30:57]}  Nf6 {[%clk 1:30:47]} 2. c4 {[%clk 1:31:24]}  g6 {[%clk 1:31:08]} 3. g3 {[%clk 1:25:21]}  Bg7 {[%clk 1:30:11]} 4. Bg2 {[%clk 1:25:47]}  O-O {[%clk 1:30:27]} 5. Nc3 {[%clk 1:25:57]}  d6 {[%clk 1:30:24]} 6. Nf3 {[%clk 1:26:19]}  Nc6 {[%clk 1:30:48]} 7. O-O {[%clk 1:26:39]}  a6 {[%clk 1:31:03]} 8. b3 {[%clk 1:18:51]}  Rb8 {[%clk 1:28:36]} 9. Bb2 {[%clk 1:16:13]}  b5 {[%clk 1:23:18]} 10. cxb5 {[%clk 1:15:34]}  axb5 {[%clk 1:23:44]} 11. Rc1 {[%clk 1:09:03]}  b4 {[%clk 1:23:38]} 12. Na4 {[%clk 1:09:01]}  Na5 {[%clk 1:24:01]} 13. Qc2 {[%clk 1:06:35]}  c6 {[%clk 1:21:03]} 14. e4 {[%clk 1:01:17]}  h5 {[%clk 1:09:23]} 15. Rfe1 {[%clk 1:01:08]}  d5 {[%clk 0:54:29]} 16. e5 {[%clk 0:56:21]}  Ne4 {[%clk 0:53:03]} 17. Nh4 {[%clk 0:52:49]}  g5 {[%clk 0:43:08]} 18. Bxe4 {[%clk 0:49:07]}  dxe4 {[%clk 0:39:00]} 19. Ng2 {[%clk 0:49:18]}  Bf5 {[%clk 0:30:17]} 20. f3 {[%clk 0:45:14]}  Bh7 {[%clk 0:25:26]} 21. fxe4 {[%clk 0:45:36]}  h4 {[%clk 0:25:38]} 22. Qe2 {[%clk 0:38:36]}  Qc8 {[%clk 0:16:25]} 23. Qh5 {[%clk 0:28:02]}  h3 {[%clk 0:12:07]} 24. Ne3 {[%clk 0:28:10]}  Bxe4 {[%clk 0:12:33]} 25. Qxg5 {[%clk 0:26:04]}  Nb7 {[%clk 0:11:17]} 26. d5 {[%clk 0:24:01]}  e6 {[%clk 0:05:01]} 27. Ng4 {[%clk 0:23:28]}  Bh7 {[%clk 0:03:17]} 28. Nf6+ {[%clk 0:22:07]}  Kh8 {[%clk 0:03:46]} 29. Re4 {[%clk 0:20:50]}  exd5 {[%clk 0:03:21]} 30. Rh4 {[%clk 0:21:04]}  Bxf6 {[%clk 0:03:38]} 31. Qxf6+ {[%clk 0:21:25]}  Kg8 {[%clk 0:04:04]} 32. e6 {[%clk 0:21:50]} 1-0

[Event "45th FIDE Chess Olympiad Open"]
[Site "Budapest, Hungary"]
[Date "2024.09.20"]
[Round "9"]
[White "Pasko, Llambi"]
[Black "Song, Raymond"]
[Result "0-1"]
[Board "170"]
[WhiteFideId "4701178"]
[BlackFideId "3203824"]
[WhiteTitle "IM"]
[BlackTitle "GM"]
[WhiteElo "2396"]
[BlackElo "2503"]
[WhiteTeam "Albania"]
[BlackTeam "Chinese Taipei"]
[WhiteClock "0:02:47"]
[BlackClock "0:29:48"]
[Variant "Standard"]

1. d4 {[%clk 1:30:57]}  Nf6 {[%clk 1:30:53]} 2. c4 {[%clk 1:31:21]}  e6 {[%clk 1:31:18]} 3. Nf3 {[%clk 1:31:48]}  d5 {[%clk 1:31:44]} 4. Nc3 {[%clk 1:32:12]}  Bb4 {[%clk 1:31:37]} 5. Qa4+ {[%clk 1:32:36]}  Nc6 {[%clk 1:32:01]} 6. e3 {[%clk 1:33:03]}  O-O {[%clk 1:32:24]} 7. Qc2 {[%clk 1:33:30]}  Re8 {[%clk 1:32:34]} 8. Bd2 {[%clk 1:33:50]}  a6 {[%clk 1:32:55]} 9. a3 {[%clk 1:33:04]}  Bd6 {[%clk 1:33:20]} 10. Rd1 {[%clk 1:32:15]}  Bd7 {[%clk 1:33:04]} 11. Be2 {[%clk 1:28:28]}  dxc4 {[%clk 1:33:27]} 12. Bxc4 {[%clk 1:28:31]}  h6 {[%clk 1:33:53]} 13. Be2 {[%clk 1:19:09]}  e5 {[%clk 1:33:18]} 14. d5 {[%clk 1:12:03]}  Ne7 {[%clk 1:33:10]} 15. e4 {[%clk 1:12:29]}  Ng6 {[%clk 1:32:26]} 16. O-O {[%clk 1:11:56]}  Nh5 {[%clk 1:24:46]} 17. Ne1 {[%clk 1:07:33]}  Nhf4 {[%clk 1:23:38]} 18. Kh1 {[%clk 1:04:20]}  Qf6 {[%clk 1:20:31]} 19. Be3 {[%clk 1:02:14]}  c6 {[%clk 1:19:41]} 20. g3 {[%clk 0:56:05]}  Nxe2 {[%clk 1:17:53]} 21. Qxe2 {[%clk 0:55:03]}  c5 {[%clk 1:14:27]} 22. Nd3 {[%clk 0:48:49]}  Qe7 {[%clk 1:11:00]} 23. f4 {[%clk 0:35:41]}  exf4 {[%clk 1:02:25]} 24. gxf4 {[%clk 0:33:37]}  c4 {[%clk 1:02:51]} 25. Ne1 {[%clk 0:33:11]}  Bh3 {[%clk 0:55:53]} 26. Rf2 {[%clk 0:27:06]}  f5 {[%clk 0:46:01]} 27. e5 {[%clk 0:24:33]}  Bg4 {[%clk 0:46:25]} 28. Qxc4 {[%clk 0:22:53]}  Rac8 {[%clk 0:41:43]} 29. Qd3 {[%clk 0:21:26]}  Bxe5 {[%clk 0:40:09]} 30. fxe5 {[%clk 0:20:28]}  Nxe5 {[%clk 0:40:32]} 31. Qd4 {[%clk 0:11:15]}  Bxd1 {[%clk 0:40:50]} 32. d6 {[%clk 0:11:41]}  Qe6 {[%clk 0:39:36]} 33. Qxd1 {[%clk 0:11:31]}  Rc6 {[%clk 0:32:42]} 34. Bf4 {[%clk 0:11:02]}  Rxd6 {[%clk 0:31:52]} 35. Qc2 {[%clk 0:08:05]}  Rdd8 {[%clk 0:30:51]} 36. Bxe5 {[%clk 0:07:50]}  Qxe5 {[%clk 0:31:19]} 37. Nf3 {[%clk 0:07:46]}  Qc5 {[%clk 0:29:29]} 38. Re2 {[%clk 0:04:11]}  Qc4 {[%clk 0:28:45]} 39. Rxe8+ {[%clk 0:03:16]}  Rxe8 {[%clk 0:29:14]} 40. Kg2 {[%clk 0:03:34]}  Qg4+ {[%clk 0:28:02]} 41. Kf2 {[%clk 0:02:35]}  Kh7 {[%clk 0:25:43]} 42. Qd2 {[%clk 0:27:28]}  Re6 {[%clk 0:54:21]} 43. Ne2 {[%clk 0:27:36]}  Qc4 {[%clk 0:53:47]} 44. Ned4 {[%clk 0:27:47]}  Rb6 {[%clk 0:47:12]} 45. b3 {[%clk 0:26:27]}  Qc5 {[%clk 0:46:09]} 46. b4 {[%clk 0:26:09]}  Qd5 {[%clk 0:46:30]} 47. Qc2 {[%clk 0:25:30]}  Rf6 {[%clk 0:45:34]} 48. h4 {[%clk 0:22:32]}  a5 {[%clk 0:42:38]} 49. b5 {[%clk 0:21:44]}  Qe4 {[%clk 0:41:47]} 50. Qc4 {[%clk 0:18:34]}  b6 {[%clk 0:39:45]} 51. a4 {[%clk 0:16:37]}  Rd6 {[%clk 0:39:33]} 52. Qc3 {[%clk 0:14:39]}  f4 {[%clk 0:39:13]} 53. Qc4 {[%clk 0:08:49]}  Rd5 {[%clk 0:38:05]} 54. Kf1 {[%clk 0:04:42]}  Rc5 {[%clk 0:36:50]} 55. Qf7 {[%clk 0:04:53]}  Rc3 {[%clk 0:32:00]} 56. Kf2 {[%clk 0:05:10]}  Ra3 {[%clk 0:29:31]} 57. Qc4 {[%clk 0:02:47]}  Rxf3+ {[%clk 0:29:48]} 0-1

[Event "45th FIDE Chess Olympiad Open"]
[Site "Budapest, Hungary"]
[Date "2024.09.20"]
[Round "9"]
[White "Yang, Ching Wei Austin"]
[Black "Mehmeti, Dritan"]
[Result "0-1"]
[Board "171"]
[WhiteFideId "16300440"]
[BlackFideId "4700600"]
[WhiteTitle "FM"]
[BlackTitle "IM"]
[WhiteElo "2121"]
[BlackElo "2364"]
[WhiteTeam "Chinese Taipei"]
[BlackTeam "Albania"]
[WhiteClock "0:01:09"]
[BlackClock "0:07:17"]
[Variant "Standard"]

1. e4 {[%clk 1:30:52]}  c5 {[%clk 1:30:37]} 2. Nf3 {[%clk 1:31:17]}  d6 {[%clk 1:31:01]} 3. d4 {[%clk 1:31:42]}  cxd4 {[%clk 1:31:17]} 4. Nxd4 {[%clk 1:32:10]}  Nf6 {[%clk 1:31:38]} 5. Nc3 {[%clk 1:32:36]}  h6 {[%clk 1:31:40]} 6. f3 {[%clk 1:31:27]}  a6 {[%clk 1:29:54]} 7. Be3 {[%clk 1:31:09]}  e5 {[%clk 1:29:32]} 8. Nb3 {[%clk 1:31:18]}  Be6 {[%clk 1:29:46]} 9. Qd2 {[%clk 1:31:20]}  Nbd7 {[%clk 1:29:24]} 10. O-O-O {[%clk 1:29:41]}  h5 {[%clk 1:24:44]} 11. Kb1 {[%clk 1:23:15]}  Qc7 {[%clk 1:24:16]} 12. Nd5 {[%clk 1:18:17]}  Bxd5 {[%clk 1:21:37]} 13. exd5 {[%clk 1:18:36]}  Be7 {[%clk 1:17:12]} 14. c4 {[%clk 1:11:24]}  b6 {[%clk 1:12:42]} 15. Bd3 {[%clk 1:08:19]}  a5 {[%clk 1:04:17]} 16. Na1 {[%clk 0:58:39]}  O-O {[%clk 0:59:17]} 17. Nc2 {[%clk 0:53:23]}  Nc5 {[%clk 0:55:36]} 18. Bxc5 {[%clk 0:31:48]}  bxc5 {[%clk 0:49:24]} 19. Ne3 {[%clk 0:25:59]}  e4 {[%clk 0:39:55]} 20. Bc2 {[%clk 0:18:58]}  Rfb8 {[%clk 0:38:05]} 21. Ba4 {[%clk 0:15:25]}  Bf8 {[%clk 0:28:43]} 22. f4 {[%clk 0:13:35]}  g6 {[%clk 0:27:56]} 23. Bb5 {[%clk 0:12:31]}  a4 {[%clk 0:27:33]} 24. g4 {[%clk 0:08:00]}  hxg4 {[%clk 0:15:36]} 25. f5 {[%clk 0:07:58]}  Qe7 {[%clk 0:13:13]} 26. Rhg1 {[%clk 0:06:59]}  Bg7 {[%clk 0:10:28]} 27. Rg3 {[%clk 0:04:59]}  a3 {[%clk 0:09:47]} 28. fxg6 {[%clk 0:03:19]}  fxg6 {[%clk 0:09:17]} 29. Nxg4 {[%clk 0:01:59]}  axb2 {[%clk 0:08:05]} 30. Nxf6+ {[%clk 0:01:38]}  Qxf6 {[%clk 0:08:28]} 31. Rdg1 {[%clk 0:01:46]}  Rf8 {[%clk 0:07:08]} 32. Rxg6 {[%clk 0:01:09]}  Qxg6 {[%clk 0:07:17]} 0-1

[Event "45th FIDE Chess Olympiad Open"]
[Site "Budapest, Hungary"]
[Date "2024.09.20"]
[Round "9"]
[White "Veleshnja, Zino"]
[Black "Wang, Ting-Hao"]
[Result "1/2-1/2"]
[Board "172"]
[WhiteFideId "4701313"]
[BlackFideId "16300602"]
[WhiteTitle "FM"]
[WhiteElo "2294"]
[BlackElo "1842"]
[WhiteTeam "Albania"]
[BlackTeam "Chinese Taipei"]
[WhiteClock "0:10:36"]
[BlackClock "0:16:55"]
[Variant "Standard"]

1. d4 {[%clk 1:30:55]}  d5 {[%clk 1:30:40]} 2. Bf4 {[%clk 1:31:06]}  Nf6 {[%clk 1:28:59]} 3. e3 {[%clk 1:31:29]}  c5 {[%clk 1:27:30]} 4. c3 {[%clk 1:31:46]}  e6 {[%clk 1:27:41]} 5. Nd2 {[%clk 1:31:57]}  Bd6 {[%clk 1:27:49]} 6. Bg3 {[%clk 1:31:44]}  Qc7 {[%clk 1:25:49]} 7. Ngf3 {[%clk 1:31:41]}  Nbd7 {[%clk 1:25:34]} 8. Bd3 {[%clk 1:29:50]}  O-O {[%clk 1:25:52]} 9. Qe2 {[%clk 1:23:18]}  e5 {[%clk 1:26:09]} 10. dxe5 {[%clk 1:22:49]}  Nxe5 {[%clk 1:26:31]} 11. Nxe5 {[%clk 1:23:01]}  Bxe5 {[%clk 1:26:50]} 12. Bxe5 {[%clk 1:23:14]}  Qxe5 {[%clk 1:27:11]} 13. Nf3 {[%clk 1:23:31]}  Qe7 {[%clk 1:21:56]} 14. O-O {[%clk 1:21:52]}  Bg4 {[%clk 1:20:49]} 15. Rfd1 {[%clk 1:15:06]}  Rfd8 {[%clk 1:19:48]} 16. h3 {[%clk 1:12:30]}  Bh5 {[%clk 1:18:49]} 17. c4 {[%clk 1:06:46]}  dxc4 {[%clk 1:17:18]} 18. Bxc4 {[%clk 1:06:44]}  Rxd1+ {[%clk 1:16:41]} 19. Rxd1 {[%clk 1:07:06]}  Rd8 {[%clk 1:16:42]} 20. Rxd8+ {[%clk 1:01:32]}  Qxd8 {[%clk 1:17:02]} 21. g4 {[%clk 0:56:28]}  Bg6 {[%clk 1:15:51]} 22. Ne5 {[%clk 0:56:42]}  Qe7 {[%clk 0:43:34]} 23. f4 {[%clk 0:50:36]}  Ne8 {[%clk 0:35:16]} 24. Qh2 {[%clk 0:40:22]}  Kh8 {[%clk 0:33:10]} 25. f5 {[%clk 0:37:15]}  f6 {[%clk 0:33:30]} 26. Nxg6+ {[%clk 0:34:04]}  hxg6 {[%clk 0:33:56]} 27. Qf2 {[%clk 0:32:16]}  g5 {[%clk 0:32:23]} 28. h4 {[%clk 0:31:41]}  Qe4 {[%clk 0:28:20]} 29. Be2 {[%clk 0:31:32]}  Qe5 {[%clk 0:26:41]} 30. hxg5 {[%clk 0:30:37]}  fxg5 {[%clk 0:26:41]} 31. Qf3 {[%clk 0:28:09]}  Nd6 {[%clk 0:25:57]} 32. b3 {[%clk 0:22:23]}  Kg8 {[%clk 0:25:22]} 33. Kg2 {[%clk 0:21:52]}  Qe4 {[%clk 0:22:56]} 34. Qxe4 {[%clk 0:20:09]}  Nxe4 {[%clk 0:23:21]} 35. Bf3 {[%clk 0:19:48]}  Nd6 {[%clk 0:17:27]} 36. Bd5+ {[%clk 0:20:04]}  Kf8 {[%clk 0:17:55]} 37. e4 {[%clk 0:20:19]}  b6 {[%clk 0:17:17]} 38. a4 {[%clk 0:20:25]}  Ke7 {[%clk 0:15:49]} 39. e5 {[%clk 0:20:26]}  Ne8 {[%clk 0:16:04]} 40. Kf3 {[%clk 0:20:25]}  Nc7 {[%clk 0:16:03]} 41. Bb7 {[%clk 0:17:42]}  Kf7 {[%clk 0:13:31]} 42. Ke4 {[%clk 0:17:50]}  Ke7 {[%clk 0:13:32]} 43. Kd3 {[%clk 0:16:27]}  Kf7 {[%clk 0:12:46]} 44. Kc4 {[%clk 0:15:58]}  Ke7 {[%clk 0:11:52]} 45. Bd5 {[%clk 0:11:06]}  Kf8 {[%clk 0:10:49]} 46. a5 {[%clk 0:09:56]}  Ke7 {[%clk 0:10:52]} 47. Bc6 {[%clk 0:07:02]}  Kf7 {[%clk 0:11:04]} 48. axb6 {[%clk 0:05:37]}  axb6 {[%clk 0:09:54]} 49. Kd3 {[%clk 0:03:08]}  Ke7 {[%clk 0:08:11]} 50. Ke3 {[%clk 0:02:05]}  Kf7 {[%clk 0:07:30]} 51. Ke4 {[%clk 0:02:29]}  Ke7 {[%clk 0:06:33]} 52. Bd5 {[%clk 0:30:09]}  Na6 {[%clk 0:36:12]} 53. Bg8 {[%clk 0:29:22]}  Nb4 {[%clk 0:36:03]} 54. Bc4 {[%clk 0:28:39]}  Nc6 {[%clk 0:35:43]} 55. Bd3 {[%clk 0:23:07]}  Nb4 {[%clk 0:34:08]} 56. Be2 {[%clk 0:20:13]}  Nc6 {[%clk 0:34:11]} 57. Kd5 {[%clk 0:20:09]}  Nb4+ {[%clk 0:31:28]} 58. Kc4 {[%clk 0:18:16]}  Nc6 {[%clk 0:31:48]} 59. Kd5 {[%clk 0:14:35]}  Nb4+ {[%clk 0:32:01]} 60. Ke4 {[%clk 0:14:57]}  Nc6 {[%clk 0:31:37]} 61. Bf3 {[%clk 0:14:59]}  Nd4 {[%clk 0:25:22]} 62. Bd1 {[%clk 0:15:05]}  Nc6 {[%clk 0:25:44]} 63. Kd5 {[%clk 0:13:26]}  Nb4+ {[%clk 0:25:20]} 64. Kc4 {[%clk 0:13:51]}  Nc6 {[%clk 0:25:35]} 65. f6+ {[%clk 0:13:54]}  gxf6 {[%clk 0:24:53]} 66. exf6+ {[%clk 0:14:23]}  Kxf6 {[%clk 0:23:53]} 67. Kb5 {[%clk 0:14:45]}  Ne5 {[%clk 0:20:18]} 68. Kxb6 {[%clk 0:14:59]}  c4 {[%clk 0:18:16]} 69. Kc5 {[%clk 0:08:08]}  cxb3 {[%clk 0:18:16]} 70. Bxb3 {[%clk 0:08:33]}  Nxg4 {[%clk 0:18:31]} 71. Kd4 {[%clk 0:09:02]}  Kf5 {[%clk 0:18:38]} 72. Kd3 {[%clk 0:09:09]}  Kf4 {[%clk 0:18:07]} 73. Ke2 {[%clk 0:09:38]}  Kg3 {[%clk 0:17:29]} 74. Be6 {[%clk 0:09:54]}  Nh2 {[%clk 0:17:16]} 75. Bc8 {[%clk 0:10:12]}  g4 {[%clk 0:17:23]} 76. Bxg4 {[%clk 0:10:36]}  Kxg4 {[%clk 0:16:55]} 1/2-1/2

[Event "45th FIDE Chess Olympiad Open"]
[Site "Budapest, Hungary"]
[Date "2024.09.20"]
[Round "9"]
[White "Tran, Thanh Tu"]
[Black "Ahmad, Al Khatib"]
[Result "1-0"]
[Board "173"]
[WhiteFideId "12401404"]
[BlackFideId "8103178"]
[WhiteTitle "CM"]
[BlackTitle "GM"]
[WhiteElo "2387"]
[BlackElo "2302"]
[WhiteTeam "Japan"]
[BlackTeam "Jordan"]
[WhiteClock "0:13:44"]
[BlackClock "0:02:00"]
[Variant "Standard"]

1. d4 {[%clk 1:30:52]}  Nf6 {[%clk 1:30:52]} 2. Nf3 {[%clk 1:30:49]}  e6 {[%clk 1:31:11]} 3. Bf4 {[%clk 1:30:57]}  c5 {[%clk 1:31:18]} 4. e3 {[%clk 1:30:13]}  cxd4 {[%clk 1:31:05]} 5. exd4 {[%clk 1:28:32]}  b6 {[%clk 1:31:10]} 6. c3 {[%clk 1:26:46]}  Bb7 {[%clk 1:31:08]} 7. Nbd2 {[%clk 1:26:24]}  Be7 {[%clk 1:30:45]} 8. h3 {[%clk 1:23:26]}  O-O {[%clk 1:28:58]} 9. Bd3 {[%clk 1:23:43]}  d6 {[%clk 1:29:15]} 10. O-O {[%clk 1:23:02]}  Nbd7 {[%clk 1:29:31]} 11. Re1 {[%clk 1:22:41]}  Re8 {[%clk 1:29:04]} 12. Qc2 {[%clk 1:10:16]}  a6 {[%clk 1:27:44]} 13. Ne4 {[%clk 1:02:42]}  Nxe4 {[%clk 1:24:35]} 14. Bxe4 {[%clk 1:03:01]}  Bxe4 {[%clk 1:24:58]} 15. Qxe4 {[%clk 1:00:41]}  Nf6 {[%clk 1:23:49]} 16. Qd3 {[%clk 0:59:59]}  b5 {[%clk 1:23:05]} 17. a4 {[%clk 0:52:53]}  Qb6 {[%clk 1:21:49]} 18. axb5 {[%clk 0:52:53]}  axb5 {[%clk 1:21:23]} 19. Bg5 {[%clk 0:49:48]}  Qb7 {[%clk 1:04:19]} 20. Nd2 {[%clk 0:44:33]}  Nd5 {[%clk 0:49:03]} 21. Bxe7 {[%clk 0:43:14]}  Nxe7 {[%clk 0:49:22]} 22. Ne4 {[%clk 0:41:32]}  Rxa1 {[%clk 0:23:00]} 23. Rxa1 {[%clk 0:41:53]}  Qd5 {[%clk 0:23:20]} 24. Ra5 {[%clk 0:24:27]}  Rb8 {[%clk 0:20:53]} 25. Ra7 {[%clk 0:23:15]}  Ng6 {[%clk 0:16:08]} 26. Qe3 {[%clk 0:17:32]}  h6 {[%clk 0:11:13]} 27. Rd7 {[%clk 0:17:10]}  b4 {[%clk 0:02:03]} 28. Qf3 {[%clk 0:13:43]}  Rf8 {[%clk 0:02:05]} 29. Rxd6 {[%clk 0:13:29]}  Qb7 {[%clk 0:02:00]} 30. Nf6+ {[%clk 0:13:44]} 1-0

[Event "45th FIDE Chess Olympiad Open"]
[Site "Budapest, Hungary"]
[Date "2024.09.20"]
[Round "9"]
[White "Saif, Malek"]
[Black "Nanjo, Ryosuke"]
[Result "1/2-1/2"]
[Board "174"]
[WhiteFideId "8104220"]
[BlackFideId "7000634"]
[WhiteTitle "CM"]
[BlackTitle "IM"]
[WhiteElo "2162"]
[BlackElo "2372"]
[WhiteTeam "Jordan"]
[BlackTeam "Japan"]
[WhiteClock "0:04:21"]
[BlackClock "0:01:55"]
[Variant "Standard"]

1. e4 {[%clk 1:30:56]}  e5 {[%clk 1:30:56]} 2. Nf3 {[%clk 1:31:20]}  Nc6 {[%clk 1:31:23]} 3. d4 {[%clk 1:31:38]}  exd4 {[%clk 1:31:49]} 4. Bc4 {[%clk 1:32:01]}  Bc5 {[%clk 1:32:09]} 5. c3 {[%clk 1:32:19]}  Nf6 {[%clk 1:32:34]} 6. e5 {[%clk 1:32:06]}  d5 {[%clk 1:33:00]} 7. Bb5 {[%clk 1:32:31]}  Ne4 {[%clk 1:33:25]} 8. cxd4 {[%clk 1:32:56]}  Bb6 {[%clk 1:33:50]} 9. Nc3 {[%clk 1:25:21]}  O-O {[%clk 1:34:06]} 10. O-O {[%clk 1:25:12]}  Bg4 {[%clk 1:33:53]} 11. Bxc6 {[%clk 1:12:21]}  bxc6 {[%clk 1:34:15]} 12. Re1 {[%clk 0:59:04]}  f6 {[%clk 1:17:17]} 13. Nxe4 {[%clk 0:44:14]}  dxe4 {[%clk 1:14:56]} 14. Rxe4 {[%clk 0:44:39]}  Bxf3 {[%clk 1:14:41]} 15. gxf3 {[%clk 0:44:33]}  fxe5 {[%clk 1:13:03]} 16. Qb3+ {[%clk 0:43:39]}  Kh8 {[%clk 1:13:19]} 17. dxe5 {[%clk 0:43:46]}  Rb8 {[%clk 1:12:25]} 18. Kg2 {[%clk 0:37:10]}  Bxf2 {[%clk 0:40:47]} 19. Qc3 {[%clk 0:29:24]}  Qd5 {[%clk 0:36:50]} 20. Bf4 {[%clk 0:28:45]}  Bc5 {[%clk 0:31:17]} 21. b3 {[%clk 0:26:16]}  Be7 {[%clk 0:29:40]} 22. Rc1 {[%clk 0:23:46]}  c5 {[%clk 0:29:03]} 23. Qc4 {[%clk 0:23:31]}  Qd8 {[%clk 0:23:22]} 24. Be3 {[%clk 0:22:37]}  Rb4 {[%clk 0:22:35]} 25. Qc2 {[%clk 0:22:37]}  Qd5 {[%clk 0:22:04]} 26. Rf1 {[%clk 0:18:24]}  Rxe4 {[%clk 0:15:01]} 27. Qxe4 {[%clk 0:18:46]}  Qxe4 {[%clk 0:13:25]} 28. fxe4 {[%clk 0:17:16]}  Rxf1 {[%clk 0:10:53]} 29. Kxf1 {[%clk 0:17:43]}  g5 {[%clk 0:11:08]} 30. Ke2 {[%clk 0:14:57]}  Kg7 {[%clk 0:11:09]} 31. Kd3 {[%clk 0:07:00]}  Kf7 {[%clk 0:11:17]} 32. Kc4 {[%clk 0:06:36]}  c6 {[%clk 0:10:20]} 33. a4 {[%clk 0:05:29]}  Ke6 {[%clk 0:01:24]} 34. a5 {[%clk 0:05:44]}  a6 {[%clk 0:00:37]} 35. Bxc5 {[%clk 0:05:33]}  Bd8 {[%clk 0:00:42]} 36. Bb6 {[%clk 0:03:45]}  Be7 {[%clk 0:01:11]} 37. Bc5 {[%clk 0:03:22]}  Bd8 {[%clk 0:01:40]} 38. Bb6 {[%clk 0:03:52]}  Be7 {[%clk 0:01:55]} 39. Bc5 {[%clk 0:04:21]} 1/2-1/2

[Event "45th FIDE Chess Olympiad Open"]
[Site "Budapest, Hungary"]
[Date "2024.09.20"]
[Round "9"]
[White "Aoshima, Mirai"]
[Black "Anas Khwaira"]
[Result "1-0"]
[Board "175"]
[WhiteFideId "7002386"]
[BlackFideId "8117683"]
[WhiteTitle "FM"]
[WhiteElo "2385"]
[BlackElo "1994"]
[WhiteTeam "Japan"]
[BlackTeam "Jordan"]
[WhiteClock "0:32:41"]
[BlackClock "0:08:38"]
[Variant "Standard"]

1. d4 {[%clk 1:30:56]}  Nf6 {[%clk 1:30:02]} 2. c4 {[%clk 1:31:17]}  g6 {[%clk 1:28:20]} 3. Nc3 {[%clk 1:31:40]}  Bg7 {[%clk 1:28:44]} 4. e4 {[%clk 1:32:03]}  d6 {[%clk 1:29:09]} 5. h3 {[%clk 1:32:23]}  O-O {[%clk 1:29:32]} 6. Be3 {[%clk 1:32:46]}  Nbd7 {[%clk 1:29:55]} 7. g4 {[%clk 1:32:16]}  a6 {[%clk 1:26:57]} 8. Nf3 {[%clk 1:25:01]}  c6 {[%clk 1:08:42]} 9. Bg2 {[%clk 1:10:47]}  Rb8 {[%clk 0:55:03]} 10. O-O {[%clk 1:08:56]}  h5 {[%clk 0:48:27]} 11. g5 {[%clk 1:06:44]}  Ne8 {[%clk 0:44:52]} 12. Qd2 {[%clk 1:05:57]}  Nc7 {[%clk 0:42:20]} 13. Rad1 {[%clk 1:04:59]}  b5 {[%clk 0:37:17]} 14. c5 {[%clk 1:03:30]}  dxc5 {[%clk 0:28:10]} 15. dxc5 {[%clk 1:03:55]}  Re8 {[%clk 0:26:29]} 16. Nd4 {[%clk 0:52:18]}  Bb7 {[%clk 0:19:48]} 17. Nf5 {[%clk 0:43:55]}  gxf5 {[%clk 0:17:05]} 18. Qxd7 {[%clk 0:44:19]}  fxe4 {[%clk 0:15:48]} 19. Qf5 {[%clk 0:43:09]}  Qc8 {[%clk 0:14:04]} 20. Rd7 {[%clk 0:39:00]}  Ne6 {[%clk 0:11:05]} 21. g6 {[%clk 0:36:44]}  Qxd7 {[%clk 0:08:48]} 22. gxf7+ {[%clk 0:37:11]}  Kf8 {[%clk 0:09:08]} 23. fxe8=Q+ {[%clk 0:37:32]}  Kxe8 {[%clk 0:09:29]} 24. Rd1 {[%clk 0:37:49]}  Qc8 {[%clk 0:09:43]} 25. Bxe4 {[%clk 0:37:02]}  Bf6 {[%clk 0:08:38]} 26. Qh7 {[%clk 0:32:41]} 1-0

[Event "45th FIDE Chess Olympiad Open"]
[Site "Budapest, Hungary"]
[Date "2024.09.20"]
[Round "9"]
[White "Rakan Dasa"]
[Black "Kojima, Shinya"]
[Result "0-1"]
[Board "176"]
[WhiteFideId "8114536"]
[BlackFideId "7000812"]
[BlackTitle "IM"]
[WhiteElo "1976"]
[BlackElo "2299"]
[WhiteTeam "Jordan"]
[BlackTeam "Japan"]
[WhiteClock "0:44:23"]
[BlackClock "0:42:34"]
[Variant "Standard"]

1. e4 {[%clk 1:30:55]}  c6 {[%clk 1:30:54]} 2. d4 {[%clk 1:31:13]}  d5 {[%clk 1:31:13]} 3. Nd2 {[%clk 1:30:47]}  dxe4 {[%clk 1:31:35]} 4. Nxe4 {[%clk 1:31:14]}  Bf5 {[%clk 1:31:58]} 5. Ng3 {[%clk 1:31:26]}  Bg6 {[%clk 1:32:22]} 6. h4 {[%clk 1:31:53]}  h6 {[%clk 1:32:44]} 7. Nf3 {[%clk 1:32:17]}  Nd7 {[%clk 1:32:56]} 8. Bc4 {[%clk 1:30:45]}  e6 {[%clk 1:30:58]} 9. Bf4 {[%clk 1:30:22]}  Ngf6 {[%clk 1:29:16]} 10. c3 {[%clk 1:19:01]}  Be7 {[%clk 1:26:20]} 11. Ne5 {[%clk 1:13:45]}  Nxe5 {[%clk 1:21:17]} 12. Bxe5 {[%clk 1:13:54]}  O-O {[%clk 1:19:31]} 13. h5 {[%clk 1:12:36]}  Bh7 {[%clk 1:19:39]} 14. Bxf6 {[%clk 1:11:15]}  Bxf6 {[%clk 1:19:42]} 15. O-O {[%clk 1:06:23]}  Qb6 {[%clk 1:06:06]} 16. Bd3 {[%clk 0:58:53]}  Bxd3 {[%clk 0:59:41]} 17. Qxd3 {[%clk 0:59:20]}  Rfd8 {[%clk 0:56:41]} 18. Qe2 {[%clk 0:58:16]}  Rd5 {[%clk 0:54:17]} 19. Ne4 {[%clk 0:57:33]}  Be7 {[%clk 0:53:32]} 20. Rad1 {[%clk 0:53:29]}  Rad8 {[%clk 0:52:08]} 21. b4 {[%clk 0:50:20]}  Qc7 {[%clk 0:49:12]} 22. g3 {[%clk 0:49:45]}  e5 {[%clk 0:45:56]} 23. dxe5 {[%clk 0:48:57]}  Qxe5 {[%clk 0:45:17]} 24. Rde1 {[%clk 0:44:23]}  Qxh5 {[%clk 0:42:34]} 0-1